Most Common Letters of the Alphabet - Statistics

General Stats
  • This quiz has been taken 1,070 times
  • The average score is 9 of 26
Answer Stats
Frequency (%) Answer % Correct
11.162 E
100%
8.497 A
95%
9.356 T
93%
7.546 I
83%
7.587 R
82%
7.507 O
76%
6.749 N
66%
6.327 S
61%
6.094 H
41%
4.253 D
29%
4.025 L
23%
2.758 U
21%
0.077 Z
15%
0.095 Q
13%
2.406 M
12%
0.150 X
11%
2.560 W
9%
2.202 C
8%
1.492 B
5%
2.228 F
5%
0.153 J
5%
1.994 Y
5%
2.015 G
4%
1.292 K
4%
1.929 P
4%
0.978 V
3%
No matching quizzes found
Score Distribution
Percent of People with Each Score
Percentile by Number Answered
Your Score History
You have not taken this quiz